00637nam a22001097a 4500040000800000082002700008100002000035245033400055260002600389300002500415856008700440 cRUA aAVM ENG 2009 B087 Or.1 aENG, SEANGLONG. aEffect of using mung bean leaves in concentrate on growing avian chicken at rua, ឥទ្ធិពលនៃការប្រើប្រាស់ស្លឹកសណ្ដែកបាយជាចំណីផ្សំទៅលើការលូតលាស់របស់មាន់សាច់ AVIAN​ នៅ ស.វ.ភ.ក aPhnom PenhbRUAc2009 ax; 47p.bill.c29cm. uhttps://drive.google.com/file/d/1gdIrXkInQCBXaaTMmxyWxNxi83g9bJCd/view?usp=sharing